Guess the country population #4 - Statistics

General Stats
  • This quiz has been taken 8 times
  • The average score is 11 of 15
Answer Stats
Question Answer % Correct
Mexico 131,414,000
100%
Namibia 3,062,000
100%
Iceland 396,000
100%
Vietnam 101,300,000
80%
Federated States of Micronesia 113,000
80%
Cyprus 1,365,000
80%
Chile 19,815,000
80%
Gabon 2,566,000
80%
Kuwait 4,985,000
80%
Norway 5,604,000
80%
Guyana 834,000
80%
Monaco 39,000
60%
Belarus 9,027,000
60%
Saint Vincent and the Grenadines 100,000
40%
Zambia 21,612,000
40%
No matching quizzes found
Score Distribution
Percent of People with Each Score
Percentile by Number Answered
Your Score History
You have not taken this quiz